00953cam a2200265 450000100060000000300080000600500170001400800410003103500140007204000320008604100080011808200250012610000240015124500980017525000120027326000390028530000260032449000910035050000200044165000370046165000250049894200120052399900170053595201350055272919BD-RjUL20211209082326.0170525s1965 enk b 001 0 eng d a(BD-RjUL) aDLCcDLCdDLCdBD-RjULbeng aeng00a155.25bKAH 19652231 aKahn, Jack H.9427010aHuman growth and the development of personality /cJack H. Kahn. Foreword by G. M. Carstairs. a1st ed. aNew York :bPergamon Press,c1965. axvi, 231 p. ;c21 cm.0 aThe Commonwealth and International library. Mental health and social medicine division aIncludes Index 0aDevelopmental psychology.998077 0aHuman growth.998078 2ddccBK c72919d72919 00102ddc40718NFICaRUCLbRUCLcReadingd1968-12-31eUnicefg0.00l0o155.25 KAH 1965r2017-05-25 00:00:00tC-1w2017-05-25yBK